000 00497nam a2200181Ia 4500
005 20250326142724.0
008 250326s9999 xx 000 0 und d
037 _aTextbook
040 _aFMSL
_beng
_cFMSL
041 _aeng
_2eng
084 _aX M1
_qFMSL
100 _aWhynes D K
_9293471
245 0 _aEconomic theory of the state
_cWhynes D K; Bowles R A
260 _aOxford
_bOxford, Martin Robertson
_c1981
300 _a251p
942 _cTB
_hX M1
999 _c1296359
_d1296359